<?xml version="1.0" encoding="UTF-8"?>
<collection xmlns="http://www.loc.gov/MARC21/slim">
 <record>
  <leader>00489pamaa2200169   4500</leader>
  <controlfield tag="001">0000030118</controlfield>
  <controlfield tag="005">20080925090000.0</controlfield>
  <datafield tag="020" ind1="0" ind2="0">
   <subfield code="a">0130280283 (CD-ROM) </subfield>
  </datafield>
  <datafield tag="090" ind1="0" ind2="0">
   <subfield code="a">QA76.64 </subfield>
   <subfield code="b">GUZ 2001</subfield>
  </datafield>
  <datafield tag="100" ind1="1" ind2="0">
   <subfield code="a">GUZDIAL </subfield>
  </datafield>
  <datafield tag="245" ind1="1" ind2="0">
   <subfield code="a">Squeak : </subfield>
   <subfield code="b">Object-oriented design with multimedia applications  </subfield>
   <subfield code="c">Mark Guzdial [</subfield>
   <subfield code="m">CD-ROM].</subfield>
  </datafield>
  <datafield tag="260" ind1="0" ind2="0">
   <subfield code="a">New Jersey: </subfield>
   <subfield code="b">Prentice Hall, </subfield>
   <subfield code="c">2001.</subfield>
  </datafield>
  <datafield tag="300" ind1=" " ind2=" ">
   <subfield code="a">CD-ROM.</subfield>
  </datafield>
  <datafield tag="650" ind1="0" ind2="0">
   <subfield code="a">Object-oriented programming (Computer science) </subfield>
  </datafield>
  <datafield tag="650" ind1="0" ind2="0">
   <subfield code="a">Multimedia systems </subfield>
  </datafield>
 </record>
</collection>
